|
|
|
|
| LEADER |
00000nab a2200000 a 4500 |
| 001 |
vtls010259146 |
| 003 |
SK-MaSNL |
| 005 |
20260305034740.0 |
| 008 |
25050722008 xo o |||||||||||||||slon |
| 015 |
|
|
|a SNBRB2009/08
|
| 035 |
|
|
|a SVKKK000097062
|
| 035 |
|
|
|a urn:nbn:sk:snk-ab1dgq
|
| 035 |
|
|
|a (urnnbn)urn:nbn:sk:snk:ar-0028r9
|
| 035 |
|
|
|a (uuid)dd7fc2a8-cf38-4754-be4e-df4d0882178c
|
| 038 |
|
|
|a SVKKK
|
| 040 |
|
|
|a SNKBUCL
|b slo
|c SNKBUCL
|e AACR2
|
| 041 |
0 |
|
|a eng
|b eng
|
| 044 |
|
|
|a xo
|c SK
|
| 080 |
|
|
|a 669.018.9
|2 1997
|
| 080 |
|
|
|a 57.089.6
|2 1997
|
| 080 |
|
|
|a 621.762
|2 1997
|
| 100 |
1 |
|
|a Egorov, Alexei A.
|4 aut
|9 1616633
|
| 245 |
1 |
0 |
|a Mechanical properties of hydroxyapatite reinforced by metallic titanium
|c A.A. Egorov ... [et al.]
|
| 300 |
|
|
|b Obr.
|
| 504 |
|
|
|a Bibliogr. odkazy
|
| 504 |
|
|
|a Res. angl.
|
| 650 |
0 |
7 |
|a hydroxyapatit
|2 snkbucl
|9 21063
|
| 650 |
0 |
7 |
|a tkanivové inžinierstvo
|2 snkbucl
|9 256338
|
| 650 |
0 |
7 |
|a prášková metalurgia
|2 snkbucl
|9 86852
|
| 700 |
1 |
|
|a Smirnov, Valery Vyacheslavovich
|4 aut
|9 1479932
|
| 700 |
1 |
|
|a Barinov, Sergey Mironovich
|4 aut
|9 1479939
|
| 773 |
0 |
|
|t Powder metallurgy progress
|g Roč. 8, č. 4 (2008), s. 358-361
|x 1335-8987
|
| 850 |
|
|
|a Slovenská národná knižnica
|
| 852 |
|
|
|a Slovenská národná knižnica
|
| 958 |
|
|
|a article27
|
| 958 |
|
|
|a NB
|
| 958 |
|
|
|a OND
|
| 958 |
|
|
|a EUIPO
|
| 999 |
|
|
|c 3330513
|d 3332443
|